Diference jako princip vědomí a její překonání : analýzy a interpretace k problematice vědomí a sebevědomí v německé filosofii od Wolffa po Hegela /

Hlavní autor: Karásek, Jindřich, 1963-
Jazyk: Čeština
Vydáno: Červený Kostelec : Pavel Mervart, 2021
Témata:
Fyzický popis: 425 stran ; 22 cm
Knihy
Uloženo v:
LEADER 02346nam a2200637 i 4500
001 nkc20223402681
003 CZ PrNK
005 20220617161259.0
007 ta
008 220324s2021 xr f 001 0 cze
015 |a cnb003402681 
020 |a 978-80-7465-493-0  |q (vázáno) 
035 |a (OCoLC)1315530030 
040 |a ABA001  |b cze  |e rda 
045 |a u-w- 
072 7 |a 14  |x Filozofické systémy a hlediska  |2 Konspekt  |9 5 
080 |a 14(430)  |2 MRF 
080 |a 101.8  |2 MRF 
080 |a 111.82  |2 MRF 
080 |a 165.12  |2 MRF 
080 |a 165.242.1  |2 MRF 
080 |a 113/119  |2 MRF 
080 |a 7.01  |2 MRF 
080 |a 13  |2 MRF 
080 |a (048.8)  |2 MRF 
100 1 |a Karásek, Jindřich,  |d 1963-  |7 ola2003209165  |4 aut 
245 1 0 |a Diference jako princip vědomí a její překonání :  |b analýzy a interpretace k problematice vědomí a sebevědomí v německé filosofii od Wolffa po Hegela /  |c Jindřich Karásek 
264 1 |a Červený Kostelec :  |b Pavel Mervart,  |c 2021 
300 |a 425 stran ;  |c 22 cm 
336 |a text  |b txt  |2 rdacontent 
337 |a bez média  |b n  |2 rdamedia 
338 |a svazek  |b nc  |2 rdacarrier 
504 |a Obsahuje bibliografii, bibliografické odkazy a rejstřík 
648 7 |a 17.-19. století  |7 ch757025  |2 czenas 
650 0 7 |a německá filozofie  |7 ph123485  |y 17.-19. století  |2 czenas 
650 0 7 |a filozofické myšlení  |7 ph137813  |2 czenas 
650 0 7 |a rozdílnost (filozofie)  |7 ph927305  |2 czenas 
650 0 7 |a vědomí  |7 ph127380  |x filozofické pojetí  |2 czenas 
650 0 7 |a já (filozofie)  |7 ph114769  |2 czenas 
650 0 7 |a svět (filozofie)  |7 ph135774  |2 czenas 
650 0 7 |a filozofie umění  |7 ph120229  |2 czenas 
650 0 7 |a filozofie ducha  |7 ph120223  |2 czenas 
650 0 9 |a German philosophy  |y 17th-19th centuries  |2 eczenas 
650 0 9 |a philosophical thought  |2 eczenas 
650 0 9 |a difference (philosophy)  |2 eczenas 
650 0 9 |a consciousness  |x philosophical approach  |2 eczenas 
650 0 9 |a ego  |2 eczenas 
650 0 9 |a world  |2 eczenas 
650 0 9 |a philosophy of art  |2 eczenas 
650 0 9 |a philosophy of spirit  |2 eczenas 
655 7 |a monografie  |7 fd132842  |2 czenas 
655 9 |a monographs  |2 eczenas 
910 2 |a BOA001  |b 2-1490.014 
990 |a BK 
995 |a 01 
996 6 |b 2610907331  |c 2-1490.014  |l MZK  |r Sklad / do 1 hodiny  |n 0  |p p.v.  |w 001891674  |u 000010  |a 1  |e BOA001  |j MZK50  |s P